000 00595nam a2200181 i 4500
001 25069
003 ES-MaACL
005 20231101063025.0
007 t|
008 021220s1984 sp ||||1| spa d
100 1 _aAradillas, Antonio,
_d1928-
_922156
245 1 0 _aProceso a la justicia española /
_cAntonio Aradillas ; prólogo de Francisco Fernández Ordóñez.
260 _aMadrid :
_b[s.n.,
_c1984] (
_fArt. Gráf. EMA)
300 _a391 p. ;
_c22 cm.
700 0 _aFernández Ordóñez, Francisco.
_949968
852 _aES-MaACL
_jL-67490
_bR.107877
999 _c25069
_d25069